Personnages de fiction mal cadrés - Statistiques

Statistiques générales
  • Ce quiz a été pris 163 fois
  • Le résultat moyen est 18 sur 22
Statistiques - réponses
Par images Réponse % Correct
Spiderman
99%
Homer
98%
Mario
98%
Donald
97%
ET
97%
Hulk
96%
Obélix
95%
Shrek
95%
Gollum
92%
Dark Vador
91%
Jack Sparrow
91%
Harry Potter
88%
Indiana Jones
86%
The Mask
85%
Harley Quinn
82%
Mr Bean
81%
Bugs Bunny
72%
Terminator
71%
Freddy
53%
Kenny
52%
Son Goku
43%
Gizmo
33%
Aucun quiz correspondant
Distribution des résultats
% des personnes avec chaque résultat
Percentile par nombre de réponses
Votre historique - résultats
Vous n’avez pas pris ce quiz